| 000 | 00723nam a2200229Ia 4500 | ||
|---|---|---|---|
| 008 | 220216s9999 xx 000 0 und d | ||
| 100 | _aWei Luo | ||
| 245 | 0 | _aBuilding and applying the database for rubber estate nutrient information manage system based on mapInfo software | |
| 260 | _bIRRDB Natural Rubber Conference 2008, 13-15 October 2008, Kuala Lumpur, Malaysia: Abstract of papers | ||
| 500 | _aSource Year: 2008 | ||
| 650 | _aDatabase | ||
| 650 | _aFertilizer decision | ||
| 650 | _aInformation manage system | ||
| 650 | _aMapInfo | ||
| 650 | _aRubber estate | ||
| 700 | _aPei-song | ||
| 700 | _aQing-huo Lin | ||
| 700 | _aZhao-mu Lin | ||
| 700 | _aZheng-zao | ||
| 856 | _uAbst only | ||
| 942 | _cJS | ||
| 999 |
_c55009 _d55009 |
||